000 00463nam a2200169Ia 4500
008 180921t2014 xxu||||| |||| 00| 0 sin d
041 _asin
080 _a659.9
_bAHU
100 _aAhubudu,Arisen
245 _aසන්නිවේදන කටයුතු කරමු
246 _aSanniweedana Katauthu Karamu
260 _bSadeepa Publisher
_aColombo
_c2014
300 _b24p, 21cm
942 _cBK
999 _c185
_d185
003 LK-CoDNM
040 _aLK-CoDNM
_dLK-CoDNM
_eLK-CoDNM